009060000a22002650004500003001100000008004100011040003900052041000800091082001300099100002800112245009600140260001300236300000900249490000700258650002000265650006200285650002700347650003000374650006200404650003400466650003000500942000700530952008800537999001500625LK-CoMWRAF230817t ||||| |||| 00| 0 eng d aLK-CoMWRAFdLK-CoMWRAFeLK-CoMWRAF aeng a410bIND aIndraratna, A.D.V.De S. aEducation and Development: Role of C.W.W.KannangarabC.W.W.Kannangara Memorial Lecture 2003 bac2003 ap.36 a14 aCentral Schools aChange over to National Languages as Media of Instruction aDenominational Schools aEducation and Development aKannangara's Overall Contribution to National Development aReligion in School Curriculum aWhere have we gone wrong? cBK 00104070aMAINbMAINd2023-08-17l0o410 INDpRAF4356r2023-08-17w2023-08-17yBK c1881d1881